Statistics for Anime: Tokyo Ghoul Character Quotes Quiz

Click here to take the quiz!

General Stats

  • This quiz has been taken 533 times
  • The average score is 4 of 6

Answer Stats

QuotesAnswer% Correct
If you were to write a story with me in the lead role it would certainly be... a tragedy.Kaneki Ken
94%
I love humans with body types like yours, Kaneki. They have the proper amount of fat, but not too much muscle, so they're soft and easy to eat.Rize Kamishiro
71%
To see a mother sacrifice her life to save her child…it truly disgusts me, seeing you ghouls imitate humans.Kureo Mado
70%
I'm not going to protect you by being your shield or armor, but I'll be the dagger hidden below your pillow.Shuu Tsukiyama
69%
Trusting a human is difficult...but...maybe being betrayed by you wouldn't be so bad.Nishiki Nishio
56%
If you like, you can stay over here tonight. If you're lucky, you may see some cannibalism and that's always fun...Uta
53%

Score Distribution

Percentile by Number Answered

Percent of People with Each Score

Your Score History

You have not taken this quiz